Academic Stress and students (Record no. 10600)

MARC details
000 -LEADER
fixed length control field 00515cam a2200193ua 4500
001 - CONTROL NUMBER
control field 11818
005 - DATE AND TIME OF LATEST TRANSACTION
control field 20260515114813.0
008 - FIXED-LENGTH DATA ELEMENTS--GENERAL INFORMATION
fixed length control field 191109n ii |||gr||||Z||||||eng
020 ## - INTERNATIONAL STANDARD BOOK NUMBER
International Standard Book Number 9789382630005
040 ## - CATALOGING SOURCE
Transcribing agency MAIN
082 ## - DEWEY DECIMAL CLASSIFICATION NUMBER
Classification number 371
100 ## - MAIN ENTRY--PERSONAL NAME
Personal name U.Kavya Jyotsna,
Relator term Editor.
245 ## - TITLE STATEMENT
Title Academic Stress and students
Statement of responsibility, etc. Edited By U.Kavya Jyotsna
250 ## - EDITION STATEMENT
Edition statement 1st ed.
260 ## - PUBLICATION, DISTRIBUTION, ETC.
Place of publication, distribution, etc. Jaipur:
Name of publisher, distributor, etc. Aadi Publications,
Date of publication, distribution, etc. 2013.
300 ## - PHYSICAL DESCRIPTION
Extent 213p.
653 ## - INDEX TERM--UNCONTROLLED
Uncontrolled term Schools & their activities special education
942 ## - ADDED ENTRY ELEMENTS (KOHA)
Koha item type Books
Holdings
Withdrawn status Lost status Damaged status Not for loan Home library Current library Shelving location Date acquired Total checkouts Full call number Barcode Date last seen Copy number Price effective from Koha item type
        Naharkatiya College Library Naharkatiya College Library General stacks 09/19/2020   371Education | JYO 24602 09/19/2020 1 09/19/2020 Books